[Event "Sochi Amateur op 6th"]
[Site "Sochi"]
[Date "2019.04.11"]
[Round "7"]
[White "Strebkov, Vladimir"]
[Black "Nugmonov, Dilshod"]
[Result "1-0"]
[WhiteElo "1891"]
[BlackElo "1301"]
[PlyCount "33"]
[EventDate "2019.04.07"]
[EventType "swiss"]
[EventRounds "9"]
[EventCountry "RUS"]
[SourceTitle "CBM 189 Extra"]
[Source "ChessBase"]
[SourceDate "2019.06.03"]
[SourceVersion "1"]
[SourceVersionDate "2019.06.03"]
[SourceQuality "1"]

1. e4 c5 2. a3 Nc6 3. b4 cxb4 4. axb4 Nxb4 5. c3 Nc6 6. d4 d5 7. exd5 Qxd5 8. Na3 a6 9. Nb5 Qd7 10. d5 Na7 11. Qb3 Kd8 12. Nxa7 Rxa7 13. Be3 Ra8 14. Bb6+ Ke8 15. Bb5 axb5 16. Rxa8 Nf6 17. Qxb5 1-0